Jackers : a life in cricket (Record no. 161658)

MARC details
000 -LEADER
fixed length control field 00287nam a2200097Ia 4500
082 ## - DEWEY DECIMAL CLASSIFICATION NUMBER
Classification number 920|JACK
008 - FIXED-LENGTH DATA ELEMENTS--GENERAL INFORMATION
fixed length control field 210817s9999 xx 000 0 und d
100 ## - MAIN ENTRY--PERSONAL NAME
Personal name Jackman, Robin Cape Town, South Africa, 2011 1st ed
9 (RLIN) 50137
245 #0 - TITLE STATEMENT
Title Jackers : a life in cricket
942 ## - ADDED ENTRY ELEMENTS
item type Books
Holdings
Withdrawn status Lost status Damaged status Not for loan Home library Current library Date acquired Cost, normal purchase price Total Checkouts Barcode Date last seen Price effective from item type
        Emthonjeni PL (MMID-PLEMA-EMTH) Emthonjeni PL (MMID-PLEMA-EMTH) 18.08.2021 204.00   3322810032642 18.08.2021 18.08.2021 Books